000 01027nam a22003617a 4500
001 BR2012004860
003 BR-BrBNA
005 20230928104020.0
007 ta
008 230509b bl.||||| |||| 00| 0 por d
040 _aBR-BrBNA
_bpor
_cBiblioteca Nacional de Agricultura
041 _a(Por)
072 _aF62
_b0300
090 _ 0300 BR2012004860
100 1 _aAmbrosano, L.
110 1 _aUniversidade Federal de Lavras, MG (Brasil)
_0Tese (Mestrado)
245 1 _aAvaliação de plantas oleaginosas potenciais para cultivo de safrinha
260 3 _aLavras, MG (Brasil):
_c2012.
300 _a81 p.
500 _aSummaries (Eng, Por); Several bibliography; 39 illus.
650 _aPLANTA OLEAGINOSA
650 _aSAFRINHA
650 _aCRESCIMENTO
650 _aMÉTODO
650 _aANÁLISE FÍSICA
650 _aÓLEO
650 _aEXTRAÇÃO
650 _aCULTURA DE INVERNO
650 _aBIOCOMBUSTÍVEL
650 _aMINAS GERAIS
909 _a202309
_bLucia
_c55
_dLucia Elande
942 _cBK
999 _c77707
_d77707